Mir'âtü'l-fevâ'id fî teracimi meşâhîri âmid (Diyarbakır ulema ve eşrafı)/ (Record no. 48443)
| 000 -BAŞLIK | |
|---|---|
| Sabit Uzunluktaki Kontrol Alanı | 01274nam a22003617a 4500 |
| 001 - KONTROL NUMARASI | |
| Control Dosyası | 0048604 |
| 003 - KONTROL NUMARASI KİMLİĞİ | |
| Kontrol Alanı | KOHA_MİRAKIL |
| 005 - EN SON İŞLEM TARİHİ ve ZAMANI | |
| Kontrol Alanı | 20260207003622.0 |
| 007 - FİZİKSEL TANIM SABİT ALAN - GENEL BİLGİ | |
| Sabit uzunluklu kontrol alanı | ta |
| 008 - SABİT UZUNLUKTAKİ VERİ ÖGELERİ - GENEL BİLGİ | |
| Sabit Alan | 150608b2014 tu |||gr||||#0|||0|tur | |
| 020 ## - ISBN - ULUSLARARASI STANDART KİTAP NUMARASI | |
| Isbn | 9789751736635 |
| 040 ## - KATALOGLAMA KAYNAĞI | |
| Özgün Kataloglama Kurumu | TR-BiSEU |
| Kataloglama Dili | tur |
| Çeviri Kurumu | TR-BiSEU |
| Açıklama Kuralları | rda |
| 041 0# - DİL KODU | |
| Metin ya da ses kaydının dil kodu | tur |
| -- | ota |
| 044 ## - YAYINLAYAN/ÜRETEN KURULUŞUN ÜLKE KODU | |
| ISO country code | tu |
| 050 ## - SINIFLAMA ve YER NUMARASI | |
| Sınıflama Numarası | DR438.5 |
| Yer Numarası | .A45 2014 |
| 100 0# - KİŞİ ADI | |
| Yazar Adı (Kişi adı) | Ali Emiri. |
| 245 1# - ESER ADI BİLDİRİMİ | |
| Başlık | Mir'âtü'l-fevâ'id fî teracimi meşâhîri âmid (Diyarbakır ulema ve eşrafı)/ |
| Sorumluluk Bildirimi | Ali Emiri ; Ali Emiri ; yayına hazırlayanlar Günay Kut, Mesud Öğmen, Abdullah Demir.. |
| 250 ## - BASIM BİLDİRİMİ | |
| Basım Bildirimi | 1. baskı |
| 264 #1 - ÜRERİM, YAYIN, DAĞITIM ve TELİF BİLDİRİMİ | |
| Yayın yeri | İstanbul : |
| Yayınlayan | Türkiye Yazma Eserler Kurumu Başkanlığı Yayınları |
| Yayın tarihi | 2014 |
| 300 ## - FİZİKSEL TANIMLAMA | |
| Sayfa, Cilt vb. | c.; 24 cm |
| 336 ## - İÇERİK TÜRÜ | |
| Content type term | metin |
| Content type code | txt |
| Source | rdacontent |
| 337 ## - MEDYA TÜRÜ | |
| Media type term | aracısız |
| Media type code | n |
| Source | rdamedia |
| 338 ## - TAŞIYICI TÜRÜ | |
| Carrier type term | cilt |
| Carrier type code | nc |
| Source | rdacarrier |
| 490 1# - DİZİ BİLDİRİMİ | |
| Dizi Bildirimi | Türkiye Yazma Eserler Kurumu Başkanlığı yayınları ; |
| Cilt Numarası | 11. |
| 490 1# - DİZİ BİLDİRİMİ | |
| Dizi Bildirimi | Edebiyat ve Sanat serisi ; |
| Cilt Numarası | 2 |
| 500 ## - GENEL NOT | |
| Genel Not | Dizin var. |
| 650 #0 - KONU BAŞLIĞI EK GİRİŞ - KONU TERİMİ | |
| Konusal terim veya coğrafi ad | Statesmen--Turkey. |
| 9 (RLIN) | 17873 |
| 650 #0 - KONU BAŞLIĞI EK GİRİŞ - KONU TERİMİ | |
| Konusal terim veya coğrafi ad | Devlet adamları--Türkiye. |
| 9 (RLIN) | 12743 |
| 830 1# - SERİ EK GİRİŞİ - TEKBİÇİM ESER ADI | |
| Tekbiçim Başlık | Türkiye Yazma Eserler Kurumu Başkanlığı yayınları ; |
| Volume number/sequential designation | 11. |
| 9 (RLIN) | 84004 |
| 830 1# - SERİ EK GİRİŞİ - TEKBİÇİM ESER ADI | |
| Tekbiçim Başlık | Edebiyat ve Sanat serisi ; |
| Volume number/sequential designation | 2 |
| 9 (RLIN) | 87949 |
| 907 ## - LOCAL DATA ELEMENT G, LDG (RLIN) | |
| a | Tarih |
| 942 ## - EK GİRİŞ ÖGELERİ (KOHA) | |
| Source of classification or shelving scheme | Library of Congress Classification |
| Koha item type | Book |
| Materyal Türü | Kalıcı Konum | Mevcut Konum | Raf Yeri | Sınıflandırma Kaynağı | Edinim Bilgisi | Ana Konular | Alt Konular | Yer Numarası | Cilt Bilgisi | Demirbaş Numarası | Fatura Tarihi | Geri Çekilme Durumu | Kayıp Durumu | Hasarlı Durumu | Kredi için değil | Kayıt Tarih | Toplam Ödünçverme | Son Görülme Tarihi | Son Kontrol Tarihi | Genel / Bağış Notu |
|---|---|---|---|---|---|---|---|---|---|---|---|---|---|---|---|---|---|---|---|---|
| Book | Prof. Dr. Azmi Özcan Kütüphanesi | Prof. Dr. Azmi Özcan Kütüphanesi | Uluğbey Salonu | Library of Congress Classification | Bağış | DÜNYA TARİHİ (AVRUPA, ASYA, AFRİKA VB.) | Balkan Yarımadası | DR438.5 .A45 2014 | c.1 | 0048604 | 02/02/2026 | 08/06/2015 | 05/12/2024 | 05/12/2024 | Türkiye Yazma Eserler Kurumu Başkanlığı |
